000 01021cam a22003257a 4500
003 CHAP
005 20220817041039.0
008 971013s1990 it a r 00010 eng d
010 _a5283
011 _a6255
020 _a9251029768
035 _a5475
040 _cCHAP
082 _a627.5
_bF25y v.13/6
110 _aFAO
245 1 0 _aWatershed management field manual
_b: watershed survey and planning
_c/by T.C.Sheng
260 _aRome :
_bFAO,
_c1990
300 _a170 p.
_b: ilus.
490 0 _aFAO. Guías de conservación
_v; 13/6
590 _aBATCH-UPD
_b10
_c20130110
_lUCH01
_h1418
590 _aBATCH-UPD
_b10
_c20130410
_lUCH01
_h0901
590 _aBATCH-UPD
_b10
_c20130914
_lUCH01
_h1111
590 _aCONVERSION
_b10
_c20130109
_lUCH01
_h1304
650 1 4 _aCuencas.
_930085
650 1 4 _aSuelos
_xConservación.
_9110283
830 0 _aFAO. Guías de conservación
_v; 13/6
_939581
901 _aBK
942 _cLIBRO
949 _a627.5 F25y v.13/6
_bBC
_cFAO
_d33724002134743
_eFAO1
_gDonaciØn
_h84384
_i5475
_sb
999 _c5283
_d5283